Logos de clubs français de rugby. - Statistiques

Statistiques générales
  • Ce quiz a été pris 7 565 fois
    1 860 depuis la dernière actualisation
  • Le résultat moyen est 10 sur 12
Statistiques - réponses
Par images Hint Réponse % Correct
Top 14 Stade toulousain
100%
Top 14 Stade français Paris
99%
Top 14 Racing 92
98%
Top 14 ASM Clermont-Auvergne
95%
Pro D2 Aviron bayonnais
95%
Top 14 USA Perpignan
95%
Top 14 Castres olympique
93%
Top 14 US Montauban
88%
Top 14 Biarritz olympique
86%
Pro D2 Stade montois
74%
Pro D2 Stade Aurillacois
54%
Pro D2 AS Béziers-Hérault
53%
Aucun quiz correspondant
Distribution des résultats
% des personnes avec chaque résultat
Percentile par nombre de réponses
Votre historique - résultats
Vous n’avez pas pris ce quiz depuis la dernière actualisation